ბათუმის შოთა რუსთაველის სახელმწიფო უნივერსიტეტის ბიბლიოთეკა

მოგზაურობა პეტერბურგიდან მოსკოვს (ბიბ.ჩანაწერი № 50367)

000 -LEADER
fixed length control field 01033nam a2200241Ia 4500
001 - CONTROL NUMBER
control field 17308
003 - CONTROL NUMBER IDENTIFIER
control field GE_BSU
008 - FIXED-LENGTH DATA ELEMENTS--GENERAL INFORMATION
fixed length control field 181216s||||||||xx |||||||||||||| ||und||
040 ## - CATALOGING SOURCE
Transcribing agency GE_BSU
080 ## - UNIVERSAL DECIMAL CLASSIFICATION NUMBER
Universal Decimal Classification number 821.161.1-32+94(47)"17
100 ## - MAIN ENTRY--PERSONAL NAME
Personal name რადიშჩევი,ა.
245 ## - TITLE STATEMENT
Title მოგზაურობა პეტერბურგიდან მოსკოვს
245 ## - TITLE STATEMENT
Remainder of title რომანი:რუსეთის ისტორია
245 ## - TITLE STATEMENT
Statement of responsibility, etc. თარგმ.:დ.დეკანოზიშვილისა;რედ.;ვ.ხოშტარია; მხათვ.:ვ.გიორგობიანი,ვ.კუპრაშვილი
260 ## - PUBLICATION, DISTRIBUTION, ETC.
Place of publication, distribution, etc. თბილისი
260 ## - PUBLICATION, DISTRIBUTION, ETC.
Name of publisher, distributor, etc. სახელგამი
260 ## - PUBLICATION, DISTRIBUTION, ETC.
Date of publication, distribution, etc. 1955
300 ## - PHYSICAL DESCRIPTION
Extent 252გვ.;20სმ
300 ## - PHYSICAL DESCRIPTION
Accompanying material დანართი:საკუთარ სახელთა ლესიკონი:გვ.246-251
653 ## - INDEX TERM--UNCONTROLLED
Uncontrolled term რომანი
653 ## - INDEX TERM--UNCONTROLLED
Uncontrolled term რუსეთის ისტორია
942 ## - ADDED ENTRY ELEMENTS (KOHA)
Koha item type წიგნი
ეგზემპლარები
Withdrawn status Lost status Damaged status Not for loan Date acquired Barcode Date last seen Price effective from Koha item type
        2018-12-17 41366 2018-12-17 2018-12-17 წიგნი
        2018-12-17 41367 2018-12-17 2018-12-17 წიგნი
        2018-12-17 41368 2018-12-17 2018-12-17 წიგნი